| 000 | 00531nam a2200169Ia 4500 | ||
|---|---|---|---|
| 003 | LK-CoDNM | ||
| 008 | 010623t1993 xxu||||| |||| 00| 1 sin d | ||
| 040 |
_aLK-CoDNM _dLK-CoDNM _eLK-CoDNM |
||
| 041 | _asin | ||
| 080 |
_a07 C _bPIY |
||
| 100 | _aPiyadasa,Rohana Lakshman. | ||
| 245 | _aප්රවෘත්තිපත්ර කලාව,මතවාද හා විමර්ශන | ||
| 246 | _aJournalism Concepts and analysis | ||
| 260 |
_bRohana Lakshman Piyadasa _c1993 |
||
| 300 | _b124p., 21 cm | ||
| 942 | _cBK | ||
| 999 |
_c116179 _d116179 |
||